La salud mental de los niños y adolescentes sirios refugiados/
Salvato in:
| Autore principale: | |
|---|---|
| Altri autori: | , , |
| Natura: | Libro |
| Lingua: | Spanish |
| Tags: |
Aggiungi Tag
Nessun Tag, puoi essere il primo ad aggiungerne!!
|
MARC
| LEADER | 00000nam a22000007a 4500 | ||
|---|---|---|---|
| 003 | cru CIDCACS/IIS | ||
| 005 | 20180117105038.0 | ||
| 007 | ta | ||
| 008 | 180112s2014 sp |||p|r||||||0| ||spa d | ||
| 999 | |c 40823 |d 40823 | ||
| 040 | |c cru CIDCACS/IIS | ||
| 100 | 1 | |9 6389 |a James, Leah | |
| 245 | 1 | 3 | |a La salud mental de los niños y adolescentes sirios refugiados/ |c Leah James, Annie Sovcik, Ferdinand Garoff, Reem Abbasi |
| 300 | |a páginas 42-43 : |b foto | ||
| 700 | 1 | |9 6390 |a Sovcik, Annie | |
| 700 | 1 | |9 6391 |a Garoff, Ferdinand | |
| 700 | 1 | |9 6392 |a Abbasi, Reem | |
| 773 | 0 | |0 19267 |9 1738 |a Centro de Estudios sobre Refugiados |d Universidad de Oxford ; Centro de Estudios sobre Refugiados |o 18230 |t Migraciones Forzadas: |x 14609819 | |
| 942 | |2 ddc |c PP | ||
